Case Of Esherichia Coli On Canine With Parvovirus At Veterinary Clinic in Krong Takhmau, Kandal Province, ករណី Esherichia Coli លើសុនខកើត Parvovirus នៅគ្លីនិកសត្វ ក្នុងក្រុងតាខ្មៅ ខេត្តកណ្ដាល (Record no. 25584)

000 -LEADER
fixed length control field 00612nam a22001217a 4500
040 ## - CATALOGING SOURCE
Transcribing agency RUA
082 ## - DEWEY DECIMAL CLASSIFICATION NUMBER
Classification number VEM CHH 2025 B705 Or.1
100 ## - MAIN ENTRY--AUTHOR NAME
Personal name CHHAY CHANSETH, ឆាយ ច័ន្ទសិទ្ធ
245 ## - TITLE STATEMENT
Title Case Of Esherichia Coli On Canine With Parvovirus At Veterinary Clinic in Krong Takhmau, Kandal Province, ករណី Esherichia Coli លើសុនខកើត Parvovirus នៅគ្លីនិកសត្វ ក្នុងក្រុងតាខ្មៅ ខេត្តកណ្ដាល
260 ## - PUBLICATION, DISTRIBUTION, ETC. (IMPRINT)
Place of publication PHNOM PENH
Name of publisher RUA
Year of publication 2025
300 ## - PHYSICAL DESCRIPTION
Number of Pages x,49p.
Other physical details ill.
Dimensions 29cm.
942 ## - ADDED ENTRY ELEMENTS (KOHA)
Koha item type សារណាបទ
952 ## - LOCATION AND ITEM INFORMATION (KOHA)
Withdrawn status [LOCAL, KOHA] 0
952 ## - LOCATION AND ITEM INFORMATION (KOHA)
Withdrawn status [LOCAL, KOHA] 0
Holdings
Permanent Location Date acquired Koha item type Lost status Shelving location Barcode Current Location Full call number
Library Block B2026-03-17សារណាបទ B705B7121198Library Block BVEM CHH 2025 B705 Or.1
Library Block B2026-03-17សារណាបទ B705B7121209Library Block BVEM CHH 2025 B705 Or.2
មជ្ឈមណ្ឌលឯការនៃសាកលវិទ្យាល័យភូមិន្ទកសិកម្មចំការដូង

Powered by Koha